<?xml version="1.0" encoding="UTF-8"?>
<record
    xmlns:xsi="http://www.w3.org/2001/XMLSchema-instance"
    xsi:schemaLocation="http://www.loc.gov/MARC21/slim http://www.loc.gov/standards/marcxml/schema/MARC21slim.xsd"
    xmlns="http://www.loc.gov/MARC21/slim">

  <leader>02798cam a22004935i 4500</leader>
  <controlfield tag="003">OSt</controlfield>
  <controlfield tag="005">20240530110425.0</controlfield>
  <controlfield tag="008">140809s2012    ua abe f b    000 0 fre d</controlfield>
  <datafield tag="010" ind1=" " ind2=" ">
    <subfield code="a">  2012346454</subfield>
  </datafield>
  <datafield tag="020" ind1=" " ind2=" ">
    <subfield code="a">9782724706086</subfield>
  </datafield>
  <datafield tag="020" ind1=" " ind2=" ">
    <subfield code="a">2724706080</subfield>
  </datafield>
  <datafield tag="022" ind1=" " ind2=" ">
    <subfield code="2">11102470</subfield>
  </datafield>
  <datafield tag="040" ind1=" " ind2=" ">
    <subfield code="a">EG-CaGPL</subfield>
    <subfield code="c">EG-CaGPL</subfield>
  </datafield>
  <datafield tag="041" ind1="0" ind2=" ">
    <subfield code="a">fre</subfield>
    <subfield code="a">ara</subfield>
    <subfield code="b">eng</subfield>
  </datafield>
  <datafield tag="043" ind1=" " ind2=" ">
    <subfield code="a">f-ua---</subfield>
  </datafield>
  <datafield tag="082" ind1="0" ind2="4">
    <subfield code="2">21</subfield>
    <subfield code="a">932</subfield>
    <subfield code="b">CC/C P</subfield>
  </datafield>
  <datafield tag="245" ind1="0" ind2="3">
    <subfield code="a">Le parvis du temple d'Opet &#xE0; Karnak :</subfield>
    <subfield code="b">exploration arch&#xE9;ologique (2006-2007) /</subfield>
    <subfield code="c">Guillaume Charloux [and others] ; textes r&#xE9;unis par Guillaume Charloux ; pr&#xE9;face de Michel Azim ; introduction d'Emmanuel Loaroze.</subfield>
  </datafield>
  <datafield tag="246" ind1="1" ind2=" ">
    <subfield code="6">880-01</subfield>
    <subfield code="i">Title on p. [4] of cover:</subfield>
    <subfield code="a">Fin&#x101;&#x2BC; ma&#x2BB;bad &#x16A;bit bi-al-Karnak :</subfield>
    <subfield code="b">nat&#x101;&#x2BC;ij a&#x2BB;m&#x101;l al-&#x1E25;af&#x101;&#x2BC;ir wa-al-iktish&#x101;f&#x101;t al-athar&#x12B;yah li-mawsimay 2006 M-2007 M</subfield>
  </datafield>
  <datafield tag="246" ind1="1" ind2="5">
    <subfield code="6">880-02</subfield>
    <subfield code="a">Ma&#x2BB;bad "&#x16A;bit" bi-al-Karnak :</subfield>
    <subfield code="b">nat&#x101;&#x2BC;ij a&#x2BB;m&#x101;l al-&#x1E25;afr&#x12B;y&#x101;t wa-al-iktish&#x101;f&#x101;t al-athar&#x12B;yah li-mawsimay 2006 M-2007 M</subfield>
  </datafield>
  <datafield tag="260" ind1=" " ind2=" ">
    <subfield code="a">Le Caire :</subfield>
    <subfield code="b">Institut fran&#xE7;ais d'arch&#xE9;ologie orientale,</subfield>
    <subfield code="c">2012.</subfield>
  </datafield>
  <datafield tag="300" ind1=" " ind2=" ">
    <subfield code="a">404 pages :</subfield>
    <subfield code="b">illustrations (some color), map, plans (some color) ;</subfield>
    <subfield code="c">32 cm.</subfield>
  </datafield>
  <datafield tag="336" ind1=" " ind2=" ">
    <subfield code="a">text</subfield>
    <subfield code="b">txt</subfield>
    <subfield code="2">rdacontent</subfield>
  </datafield>
  <datafield tag="337" ind1=" " ind2=" ">
    <subfield code="a">unmediated</subfield>
    <subfield code="b">n</subfield>
    <subfield code="2">rdamedia</subfield>
  </datafield>
  <datafield tag="338" ind1=" " ind2=" ">
    <subfield code="a">volume</subfield>
    <subfield code="b">nc</subfield>
    <subfield code="2">rdacarrier</subfield>
  </datafield>
  <datafield tag="490" ind1="1" ind2=" ">
    <subfield code="a">Biblioth&#xE8;que g&#xE9;n&#xE9;rale / Institut fran&#xE7;ais d'arch&#xE9;ologie orientale,</subfield>
    <subfield code="x">1110-2470 ;</subfield>
    <subfield code="v">41</subfield>
  </datafield>
  <datafield tag="490" ind1="1" ind2=" ">
    <subfield code="a">Travaux du Centre franco-&#xE9;gyptien d'&#xE9;tude des temples de Karnak</subfield>
  </datafield>
  <datafield tag="490" ind1="1" ind2=" ">
    <subfield code="6">880-03</subfield>
    <subfield code="a">A&#x2BB;m&#x101;l al-Markaz al-Mi&#x1E63;r&#x12B; al-Farans&#x12B; li-dir&#x101;sat ma&#x2BB;&#x101;bid al-Karnak</subfield>
  </datafield>
  <datafield tag="500" ind1=" " ind2=" ">
    <subfield code="a">"Avec la participation de &#x2BB;Is&#xE2;m N&#xE2;j&#xEE; Mustaf&#xE2; [and others]; trois notes de Damien Agut, Jean-Claude D&#xE9;gardin et Delphine Deixneuf; photographies: Cl&#xE9;ment Apffel [and others]."</subfield>
  </datafield>
  <datafield tag="504" ind1=" " ind2=" ">
    <subfield code="a">Includes bibliographical references (pages 377-393).</subfield>
  </datafield>
  <datafield tag="546" ind1=" " ind2=" ">
    <subfield code="a">In French; summaries in English and Arabic; added cover title in Arabic.</subfield>
  </datafield>
  <datafield tag="650" ind1=" " ind2="0">
    <subfield code="a">Temples</subfield>
    <subfield code="z">Egypt</subfield>
    <subfield code="z">Karnak.</subfield>
  </datafield>
  <datafield tag="650" ind1=" " ind2="0">
    <subfield code="a">Goddesses, Egyptian.</subfield>
  </datafield>
  <datafield tag="650" ind1=" " ind2="0">
    <subfield code="a">Excavations (Archaeology)</subfield>
    <subfield code="z">Egypt</subfield>
    <subfield code="z">Karnak.</subfield>
  </datafield>
  <datafield tag="651" ind1=" " ind2="0">
    <subfield code="a">Karnak (Egypt)</subfield>
    <subfield code="x">Antiquities.</subfield>
  </datafield>
  <datafield tag="651" ind1=" " ind2="0">
    <subfield code="a">Egypt</subfield>
    <subfield code="x">Antiquities.</subfield>
  </datafield>
  <datafield tag="700" ind1="1" ind2=" ">
    <subfield code="a">Charloux, Guillaume.</subfield>
  </datafield>
  <datafield tag="710" ind1="2" ind2=" ">
    <subfield code="a">Centre franco-&#xE9;gyptien d'&#xE9;tude des temples de Karnak.</subfield>
  </datafield>
  <datafield tag="880" ind1="3" ind2=" ">
    <subfield code="6">246-01//r</subfield>
    <subfield code="a">&#x641;&#x646;&#x627;&#x621; &#x645;&#x639;&#x628;&#x62F; &#x623;&#x648;&#x628;&#x62A; &#x628;&#x627;&#x644;&#x643;&#x631;&#x646;&#x643; :</subfield>
    <subfield code="b">&#x646;&#x62A;&#x627;&#x626;&#x62C; &#x623;&#x639;&#x645;&#x627;&#x644; &#x627;&#x644;&#x62D;&#x641;&#x627;&#x626;&#x631; &#x648;&#x627;&#x644;&#x625;&#x643;&#x62A;&#x634;&#x627;&#x641;&#x627;&#x62A; &#x627;&#x644;&#x623;&#x62B;&#x631;&#x64A;&#x629; &#x644;&#x645;&#x648;&#x633;&#x645;&#x64A; &#x662;&#x660;&#x660;&#x666; &#x645;-&#x662;&#x660;&#x660;&#x667; &#x645;</subfield>
  </datafield>
  <datafield tag="880" ind1="1" ind2="5">
    <subfield code="6">246-02//r</subfield>
    <subfield code="a">&#x645;&#x639;&#x628;&#x62F; "&#x623;&#x648;&#x628;&#x62A;" &#x628;&#x627;&#x644;&#x643;&#x631;&#x646;&#x643; :</subfield>
    <subfield code="b">&#x646;&#x62A;&#x627;&#x626;&#x62C; &#x623;&#x639;&#x645;&#x627;&#x644; &#x627;&#x644;&#x62D;&#x641;&#x631;&#x64A;&#x627;&#x62A; &#x648;&#x627;&#x644;&#x627;&#x643;&#x62A;&#x634;&#x627;&#x641;&#x627;&#x62A; &#x627;&#x644;&#x623;&#x62B;&#x631;&#x64A;&#x629; &#x644;&#x645;&#x648;&#x633;&#x645;&#x64A; &#x662;&#x660;&#x660;&#x666; &#x645;-&#x662;&#x660;&#x660;&#x667; &#x645;</subfield>
  </datafield>
  <datafield tag="880" ind1="1" ind2=" ">
    <subfield code="6">490-03//r</subfield>
    <subfield code="a">&#x623;&#x639;&#x645;&#x627;&#x644; &#x627;&#x644;&#x645;&#x631;&#x643;&#x632; &#x627;&#x644;&#x645;&#x635;&#x631;&#x64A; &#x627;&#x644;&#x641;&#x631;&#x646;&#x633;&#x64A; &#x644;&#x62F;&#x631;&#x627;&#x633;&#x629; &#x645;&#x639;&#x627;&#x628;&#x62F; &#x627;&#x644;&#x643;&#x631;&#x646;&#x643;</subfield>
  </datafield>
  <datafield tag="942" ind1=" " ind2=" ">
    <subfield code="2">ddc</subfield>
    <subfield code="c">BK</subfield>
  </datafield>
  <datafield tag="999" ind1=" " ind2=" ">
    <subfield code="c">60740</subfield>
    <subfield code="d">60740</subfield>
  </datafield>
  <datafield tag="952" ind1=" " ind2=" ">
    <subfield code="0">0</subfield>
    <subfield code="1">0</subfield>
    <subfield code="2">ddc</subfield>
    <subfield code="4">0</subfield>
    <subfield code="7">0</subfield>
    <subfield code="a">CAI</subfield>
    <subfield code="b">CAI</subfield>
    <subfield code="d">2015-03-23</subfield>
    <subfield code="l">0</subfield>
    <subfield code="o">932 CC/C P</subfield>
    <subfield code="p">159848</subfield>
    <subfield code="r">2015-03-23 00:00:00</subfield>
    <subfield code="w">2015-03-23</subfield>
    <subfield code="y">BK</subfield>
  </datafield>
</record>
